书目信息 |
| 题名: |
经贸世界地图册
|
|
| 作者: | ;湖南地图出版社 编 | |
| 分册: | ||
| 出版信息: | 长沙 湖南省地图出版社 2005.04 |
|
| 页数: | 220页 | |
| 开本: | 19cm | |
| 丛书名: | ||
| 单 册: | ||
| 中图分类: | K991 | |
| 科图分类: | ||
| 主题词: | 世界地图--shi jie di tu--地图集 , 经济地理--jing ji di li--世界--地图集 | |
| 电子资源: | ||
| ISBN: | 7-80552-378-9 | |
| 000 | 00858nam0 2200241 450 | |
| 001 | 012006704435 | |
| 005 | 20060701092819.10 | |
| 010 | @a7-80552-378-9@dCNY19.50 | |
| 100 | @a20060609d2005 km y0chiy0120 ea | |
| 101 | 0 | @achi |
| 102 | @aCN@b430000 | |
| 105 | @aab z 000yy | |
| 200 | 1 | @a经贸世界地图册@Ajing mao shi jie di tu ce@f湖南地图出版社编@Fhu nan di tu chu ban she bian |
| 205 | @a第4版 | |
| 210 | @a长沙@c湖南省地图出版社@d2005.04 | |
| 215 | @a220页@c图, 地图@d19cm | |
| 330 | @a本图册在世界图、大洋州区域图中介绍了众多的有影响的国际组织,阐述其宗旨和作用。在国家和地区图中,偏重经济贸易方面的概说。 | |
| 606 | 0 | @a世界地图@Ashi jie di tu@j地图集 |
| 606 | 0 | @a经济地理@Ajing ji di li@y世界@j地图集 |
| 690 | @aK991@v4 | |
| 711 | 02 | @a湖南地图出版社@Ahu nan di tu chu ban she@4编 |
| 801 | 0 | @aCN@bQSSK@c20060701 |
| 905 | @a10447@dK991@eH586 | |
| 经贸世界地图册/湖南地图出版社编.-第4版.-长沙:湖南省地图出版社,2005.04 |
| 220页:图, 地图;19cm |
| ISBN 7-80552-378-9:CNY19.50 |
| 本图册在世界图、大洋州区域图中介绍了众多的有影响的国际组织,阐述其宗旨和作用。在国家和地区图中,偏重经济贸易方面的概说。 |
| ● |
| 相关链接 |
|
|
|
正题名:经贸世界地图册
索取号:K991/H586
 
预约/预借
| 序号 | 登录号 | 条形码 | 馆藏地/架位号 | 状态 | 备注 |
| 1 | 581748 | 205817482 | 社科库309/309社科库 30排2列4层/ [索取号:K991/H586] | 在馆 | |
| 2 | 581749 | 205817491 | 社科库309/309社科库 30排2列5层/ [索取号:K991/H586] | 在馆 | |
| 3 | 581750 | 205817507 | 社科库309/309社科库 30排2列5层/ [索取号:K991/H586] | 在馆 |